Introducción a la gramática del texto en español.
保存先:
| 第一著者: | |
|---|---|
| フォーマット: | 不明 |
| 出版事項: |
Madrid, España:
Arco/Libros, S.L.,
2011.
|
| 版: | 6.ª edición. |
| シリーズ: | Cuadernos de Lengua Española ;
|
| 主題: | |
| タグ: |
タグ追加
タグなし, このレコードへの初めてのタグを付けませんか!
|
MARC
| LEADER | 00000 a2200000 4500 | ||
|---|---|---|---|
| 003 | CL-VaPUC | ||
| 005 | 20250114120032.0 | ||
| 008 | 241217t2011 ||||| |||| 00| 0 eng d | ||
| 999 | |c 444955 |d 444953 | ||
| 020 | |a 978-84-7635-131-4 | ||
| 040 | |c Pontificia Universidad Católica de Valparaíso | ||
| 082 | 7 | |a 465 CAS 2011 |2 22 | |
| 100 | |a Casado Velarde, Manuel |9 457063 |e autor | ||
| 245 | |a Introducción a la gramática del texto en español. | ||
| 250 | |a 6.ª edición. | ||
| 260 | |a Madrid, España: |b Arco/Libros, S.L., |c 2011. | ||
| 300 | |a 52 páginas. | ||
| 490 | |a Cuadernos de Lengua Española ; |n 13. | ||
| 583 | |k GC |c 20241217 | ||
| 650 | 0 | |a Español gramática |9 264564 |x Gramática | |
| 650 | 0 | |a Español |x Anáisis de discurso |9 894905 | |
| 942 | |2 ddc |c BK | ||
| 952 | |0 0 |1 0 |2 ddc |4 0 |6 465_000000000000000_CAS_2011 |7 0 |8 A |9 598715 |a BIBEDU |b BIBEDU |d 2024-12-16 |e 13 |g 5284.00 |i 5663647 |o 465 CAS 2011 |p 5663647 |r 2024-12-16 |t 3 |v 5284.00 |w 2024-12-16 |y BK |k LIT | ||
| 952 | |0 0 |1 0 |2 ddc |4 0 |6 465_000000000000000_CAS_2011 |7 0 |8 A |9 598716 |a BIBEDU |b BIBEDU |d 2024-12-16 |e 13 |g 5284.00 |i 5663646 |o 465 CAS 2011 |p 5663646 |r 2024-12-16 |t 2 |v 5284.00 |w 2024-12-16 |y BK |k LIT | ||
| 952 | |0 0 |1 0 |2 ddc |4 0 |6 465_000000000000000_CAS_2011 |7 0 |8 A |9 598717 |a BIBEDU |b BIBEDU |d 2024-12-16 |e 13 |g 5284.00 |i 5663648 |o 465 CAS 2011 |p 5663648 |r 2024-12-16 |t 4 |v 5284.00 |w 2024-12-16 |y BK |k LIT | ||
| 952 | |0 0 |1 0 |2 ddc |4 0 |6 465_000000000000000_CAS_2011 |7 0 |8 A |9 598718 |a BIBEDU |b BIBEDU |d 2024-12-16 |e 13 |g 5284.00 |i 5663645 |o 465 CAS 2011 |p 5663645 |r 2024-12-16 |t 1 |v 5284.00 |w 2024-12-16 |y BK |k LIT | ||
| 952 | |0 0 |1 0 |2 ddc |4 0 |6 465_000000000000000_CAS_2011 |7 0 |8 A |9 598719 |a BIBEDU |b BIBEDU |d 2024-12-16 |e 13 |g 5284.00 |i 5663649 |o 465 CAS 2011 |p 5663649 |r 2024-12-16 |t 5 |v 5284.00 |w 2024-12-16 |y BK |k LIT | ||